000 00668nam a2200193 i 4500
001 173481
003 ES-MaACL
005 20250823085853.0
008 091203s1969 pr |||| | eng d
080 _a338.98(729.5)
100 1 _aFreyre, Jorge F.
_9141708
245 1 0 _aExternal and domestic financing in the economic developmente of Puerto Rico /
_cJorge F. Freyre.
260 _a[Río Piedras] Puerto Rico :
_bUniversity of Puerto Rico Press,
_c1969.
300 _a202 p. ;
_c24 cm.
651 4 _aPuerto Rico-
_xSituación económica.
_99291
710 2 _aUniversidad de Puerto Rico
_97273
852 _aES-MaACL
_jC-56966
999 _c173481
_d173481